[Event "ICS rated blitz match"]
[Site "204.178.125.65"]
[Date "2000.04.24"]
[Round "?"]
[White "Hossa"]
[Black "Tinker"]
[Result "0-1"]
[WhiteElo "2429"]
[BlackElo "2416"]
[PlyCount "170"]
[EventDate "2000.??.??"]

1. e4 e5 2. Nf3 Nc6 3. Nc3 Nf6 4. Nxe5 Nxe5 5. d4 Ng6 6. e5 Ng8 7. Bc4 d6 8.
Qf3 Qd7 9. O-O dxe5 10. dxe5 Nxe5 11. Re1 Bd6 12. Bf4 f6 13. Bb5 c6 14. Rad1
Qe6 15. Qg3 g5 16. Bxe5 fxe5 17. Qxg5 cxb5 18. Qg7 Qf6 19. Qxf6 Nxf6 20. Rxd6
O-O 21. Rxe5 a6 22. Rg5+ Kh8 23. a3 Bd7 24. f4 Rf7 25. g3 Ne8 26. Rd2 Bc6 27.
Kf2 Ng7 28. Re2 Rd8 29. Rge5 Nf5 30. Kf1 Rff8 31. b3 Rc8 32. Rd2 Ng7 33. Kf2
Rf6 34. h3 Rg6 35. Rd3 Be8 36. Re7 Re6 37. Rxb7 Bg6 38. Rf3 Bxc2 39. b4 Nf5 40.
Rd7 Rec6 41. Ne2 Be4 42. Rb3 Rc2 43. Rd1 Re8 44. Rc3 Ra2 45. g4 Bb1 46. gxf5
Rexe2+ 47. Kg3 Bxf5 48. Rd8+ Kg7 49. Kh4 Bg6 50. Rd7+ Kh6 51. Rd4 Rf2 52. Kg4
Rf1 53. Rg3 Rb2 54. Rc3 Rg2+ 55. Kh4 Re2 56. Kg4 Re6 57. Rc5 Rf6 58. Kg3 Bf5
59. Kg2 Ra1 60. Rc3 Rg6+ 61. Kf3 Bxh3 62. Rd2 Bg4+ 63. Kf2 Bh5 64. Rcd3 Rg4 65.
Rf3 Rag1 66. Rd6+ Kg7 67. Rfd3 R1g2+ 68. Kf1 Bf7 69. Rd7 Kg8 70. Rd8+ Kg7 71.
R8d7 Ra2 72. R3d4 Rxa3 73. Kf2 Rgg3 74. Re4 Rh3 75. Kg2 Rhg3+ 76. Kf2 h5 77.
Rd6 Bc4 78. Re7+ Kf8 79. Ra7 Raf3+ 80. Ke1 Rg1+ 81. Kd2 Rg2+ 82. Kc1 Rc3+ 83.
Kd1 Bb3+ 84. Ke1 Rc1+ 85. Rd1 Rxd1# {Hossa checkmated} 0-1

[Event "ICS rated standard match"]
[Site "204.178.125.65"]
[Date "2000.04.24"]
[Round "?"]
[White "Hossa"]
[Black "bookbuilder"]
[Result "1-0"]
[WhiteElo "2367"]
[BlackElo "2528"]
[PlyCount "103"]
[EventDate "2000.??.??"]

1. e4 e6 2. d4 d5 3. Nc3 Bb4 4. e5 c5 5. a3 Ba5 6. b4 cxb4 7. Nb5 Nc6 8. Nd6+
Kf8 9. Ne2 f6 10. axb4 Bxb4+ 11. c3 Bxd6 12. exd6 Nh6 13. Bxh6 gxh6 14. Qc1 Kg7
15. Qa3 Qd7 16. Ng3 Rd8 17. Nh5+ Kg6 18. Be2 Qxd6 19. Qc1 e5 20. Qc2+ Bf5 21.
Nf4+ exf4 22. Bh5+ Kg7 23. Qxf5 Qe7+ 24. Kd2 Qd6 25. Rhe1 Ne7 26. Qg4+ Ng6 27.
Re6 Qc7 28. Qf5 Qf7 29. Ra5 a6 30. Rxd5 Rxd5 31. Qxd5 Re8 32. Rd6 Qxd5 33. Rxd5
Re7 34. Rd8 Nh8 35. Ra8 Nf7 36. Bf3 f5 37. Bd5 Nd6 38. f3 Rd7 39. c4 Kg6 40.
Kc3 Kf6 41. Kb4 Nf7 42. Rf8 Kg7 43. Rxf7+ Rxf7 44. Bxf7 Kxf7 45. Ka5 Ke7 46.
Kb6 a5 47. Kxa5 Kd7 48. Kb6 Kc8 49. d5 h5 50. h4 h6 51. c5 Kb8 52. d6 {
bookbuilder resigns} 1-0

[Event "ICS rated blitz match"]
[Site "204.178.125.65"]
[Date "2000.04.24"]
[Round "?"]
[White "Hossa"]
[Black "BoScott"]
[Result "1-0"]
[WhiteElo "2412"]
[BlackElo "2008"]
[PlyCount "73"]
[EventDate "2000.??.??"]

1. e4 e6 2. d4 d5 3. Nc3 dxe4 4. Nxe4 Nd7 5. Nf3 Ngf6 6. Nxf6+ Nxf6 7. Bd3 Bd6
8. O-O O-O 9. Bg5 h6 10. Bxf6 Qxf6 11. c4 b6 12. Be4 Rb8 13. Qd3 Rd8 14. Rfe1
c5 15. d5 exd5 16. cxd5 Qxb2 17. Bh7+ Kf8 18. Rab1 Qf6 19. Be4 Bb7 20. Re2 Re8
21. Rbe1 Bc8 22. Qa3 a5 23. Qb3 Bg4 24. Qb5 Bxf3 25. Bxf3 Rxe2 26. Qxe2 Qf4 27.
g3 Qf6 28. Bg2 g6 29. Qe3 g5 30. Qe4 Kg7 31. Qb1 Qd4 32. Rd1 Qb4 33. Qa1+ Kg8
34. Qf6 Qa4 35. Re1 Qb4 36. Rf1 a4 37. Qxd6 {BoScott resigns} 1-0

[Event "ICS rated blitz match"]
[Site "204.178.125.65"]
[Date "2000.04.24"]
[Round "?"]
[White "BoScott"]
[Black "Hossa"]
[Result "0-1"]
[WhiteElo "2005"]
[BlackElo "2415"]
[PlyCount "49"]
[EventDate "2000.??.??"]

1. e4 e5 2. Nf3 Nc6 3. Bc4 Nf6 4. Nc3 Nxe4 5. Nxe4 d5 6. Bd3 dxe4 7. Bxe4 Ne7
8. d4 f5 9. Nxe5 fxe4 10. O-O g6 11. Bg5 Bg7 12. f4 exf3 13. Qxf3 Qxd4+ 14. Be3
Qxe5 15. Qf7+ Kd8 16. Rad1+ Bd7 17. Rfe1 Rf8 18. Qc4 b5 19. Qb4 Qxb2 20. Qe4 c6
21. Bg5 Bf6 22. Rxd7+ Kxd7 23. Qe6+ Kc7 24. Bf4+ Kb6 25. Qd7 {BoScott resigns}
0-1

[Event "ICS rated standard match"]
[Site "204.178.125.65"]
[Date "2000.04.24"]
[Round "?"]
[White "bookbuilder"]
[Black "Hossa"]
[Result "1-0"]
[WhiteElo "2505"]
[BlackElo "2390"]
[PlyCount "91"]
[EventDate "2000.??.??"]

1. e4 e5 2. Nf3 Nc6 3. Bc4 Nf6 4. Ng5 d5 5. exd5 Nd4 6. d6 Be6 7. Nxe6 Nxe6 8.
dxc7 Nxc7 9. O-O Bd6 10. d3 b5 11. Bb3 O-O 12. Be3 Ncd5 13. Qf3 Be7 14. Nd2 Qd7
15. a4 b4 16. Nc4 Bd6 17. Rfe1 Rfe8 18. Bd2 Rac8 19. Qg3 Nf4 20. d4 N6h5 21.
Qf3 e4 22. Rxe4 Rxe4 23. Qxe4 Re8 24. Qf3 Bb8 25. Bxb4 Ne2+ 26. Kh1 Nhf4 27. c3
Qe6 28. Nd6 Qxb3 29. Nxe8 Qxb2 30. Rf1 Nxd4 31. Qa8 Qe2 32. Rb1 Nc6 33. Qxc6
Nd3 34. Nd6 Qe7 35. Nf5 Qd8 36. Be7 Nxf2+ 37. Kg1 Bxh2+ 38. Kxh2 Ng4+ 39. Kg1
Ne5 40. Qd5 Qe8 41. Qxe5 f6 42. Qe6+ Kh8 43. Bxf6 Qf8 44. Bxg7+ Qxg7 45. Rb8+
Qg8 46. Qxg8# {Hossa checkmated} 1-0

[Event "ICS rated standard match"]
[Site "204.178.125.65"]
[Date "2000.04.24"]
[Round "?"]
[White "Hossa"]
[Black "stvngrnrt"]
[Result "1-0"]
[WhiteElo "2379"]
[BlackElo "2205"]
[PlyCount "31"]
[EventDate "2000.??.??"]

1. e4 e5 2. Nf3 Nc6 3. Nc3 Nf6 4. Nxe5 Nxe5 5. d4 Nc6 6. d5 Nb8 7. e5 Ng8 8. d6
c6 9. Bc4 g6 10. Qf3 f5 11. exf6 Qxf6 12. Qe2+ Kd8 13. Ne4 Qe5 14. Bg5+ Be7 15.
dxe7+ Nxe7 16. Bf6 {stvngrnrt resigns} 1-0

[Event "ICS rated standard match"]
[Site "204.178.125.65"]
[Date "2000.04.24"]
[Round "?"]
[White "stvngrnrt"]
[Black "Hossa"]
[Result "0-1"]
[WhiteElo "2196"]
[BlackElo "2388"]
[PlyCount "118"]
[EventDate "2000.??.??"]

1. e4 e5 2. Nf3 Nc6 3. Bc4 Bc5 4. Nc3 Nf6 5. d3 O-O 6. Bg5 d6 7. Nd5 Na5 8. Bb3
Bd7 9. Nh4 Nxb3 10. axb3 c6 11. Nxf6+ gxf6 12. Bh6 Re8 13. Qh5 d5 14. O-O Bf8
15. Bxf8 Rxf8 16. Nf5 Bxf5 17. Qxf5 Qe7 18. Ra4 Qe6 19. Qh5 dxe4 20. Rxe4 f5
21. Rh4 Qg6 22. Rh3 Qxh5 23. Rxh5 e4 24. Rxf5 exd3 25. cxd3 Rfe8 26. b4 Re2 27.
b5 Rxb2 28. bxc6 bxc6 29. Rc5 Rd2 30. Rxc6 Rxd3 31. Rc7 a6 32. g3 Kg7 33. Rb1
a5 34. Rbb7 Rf3 35. Kg2 Rf5 36. g4 Rf6 37. Ra7 Rxa7 38. Rxa7 Rf4 39. Rxa5 Rxg4+
40. Kf3 Rg6 41. h4 Rf6+ 42. Kg3 Rg6+ 43. Rg5 f6 44. Rxg6+ hxg6 45. f4 Kf7 46.
Kf3 Ke7 47. Ke3 f5 48. Kd4 Kf6 49. Kd5 Kg7 50. h5 gxh5 51. Kd4 h4 52. Ke3 Kf6
53. Kf3 Ke6 54. Kg2 Kd5 55. Kh3 Ke4 56. Kxh4 Kxf4 57. Kh3 Kf3 58. Kh2 f4 59.
Kg1 Ke2 {stvngrnrt resigns} 0-1

[Event "ICS rated blitz match"]
[Site "204.178.125.65"]
[Date "2000.04.24"]
[Round "?"]
[White "Weezer"]
[Black "Hossa"]
[Result "1/2-1/2"]
[WhiteElo "2718"]
[BlackElo "2418"]
[PlyCount "112"]
[EventDate "2000.??.??"]

1. d4 Nf6 2. c4 e6 3. Bg5 d5 4. cxd5 exd5 5. e3 Bb4+ 6. Nc3 Nbd7 7. Bd3 c5 8.
Nge2 c4 9. Bc2 h6 10. Bf4 O-O 11. a3 Ba5 12. O-O Re8 13. b3 cxb3 14. Bxb3 Nb6
15. Nb5 Re7 16. Rc1 Be6 17. Nc7 Rc8 18. Nxe6 Rxe6 19. Rxc8 Qxc8 20. Be5 Nfd7
21. Bf4 Nf6 22. Qd3 Qf8 23. Ra1 Rc6 24. Be5 Ne4 25. Bxd5 Nxd5 26. Qxe4 Qd8 27.
Rb1 Bb6 28. Rc1 Rxc1+ 29. Nxc1 Qd7 30. Ne2 Qa4 31. Qd3 Qa5 32. Kf1 Bc7 33. Bg3
Bxg3 34. hxg3 Qc7 35. e4 Nb6 36. g4 Qc8 37. f3 Nc4 38. Kg1 b5 39. Nc3 Qa6 40.
Nb1 Kf8 41. Qc3 Qd6 42. Kf2 a5 43. a4 Qb6 44. g3 bxa4 45. Qxc4 Qxb1 46. Qc8+
Ke7 47. Qc7+ Ke8 48. Qe5+ Kd7 49. Qd5+ Ke8 50. Qxa5 Qc2+ 51. Ke3 Qc1+ 52. Qd2
Qg1+ 53. Kd3 Qf1+ 54. Ke3 Qg1+ 55. Ke2 Qg2+ 56. Ke3 Qg1+ 1/2-1/2

[Event "ICS rated blitz match"]
[Site "204.178.125.65"]
[Date "2000.04.24"]
[Round "?"]
[White "Hossa"]
[Black "undertaker1"]
[Result "0-1"]
[WhiteElo "2429"]
[BlackElo "2588"]
[PlyCount "88"]
[EventDate "2000.??.??"]

1. e4 e5 2. Nf3 Nc6 3. Nc3 g6 4. Bc4 Bg7 5. O-O d6 6. Bb5 Nge7 7. d3 a6 8. Bc4
Na5 9. Bd5 O-O 10. Bg5 h6 11. Bxe7 Qxe7 12. a4 Bd7 13. Qd2 Qf6 14. b4 Nc6 15.
b5 axb5 16. axb5 Nd4 17. Nxd4 exd4 18. Ne2 c6 19. Bc4 cxb5 20. Bd5 Bc6 21. Bb3
Ra6 22. Rxa6 bxa6 23. Qa5 Bb7 24. Qc7 Bc8 25. Rb1 h5 26. Rf1 Bg4 27. Re1 h4 28.
f3 Bc8 29. f4 h3 30. f5 gxf5 31. Rf1 hxg2 32. Kxg2 Bh6 33. Rf3 Be3 34. Rg3+ Kh8
35. Rh3+ Bh6 36. exf5 Bxf5 37. Rg3 Qe5 38. Kf2 Re8 39. Ng1 Be3+ 40. Kg2 Bxg1
41. Qb7 Qe2+ 42. Kxg1 Qe1+ 43. Kg2 Re2+ 44. Kf3 Rf2# {Hossa checkmated} 0-1

[Event "ICS rated blitz match"]
[Site "204.178.125.65"]
[Date "2000.04.25"]
[Round "?"]
[White "undertaker1"]
[Black "Hossa"]
[Result "1-0"]
[WhiteElo "2597"]
[BlackElo "2420"]
[PlyCount "93"]
[EventDate "2000.??.??"]

1. e4 e5 2. Nf3 Nc6 3. Bb5 Nd4 4. Nxd4 exd4 5. O-O c6 6. Bc4 Ne7 7. Qf3 d5 8.
Bb3 a5 9. exd5 Nxd5 10. Re1+ Be7 11. Qe4 Nf6 12. Qe5 a4 13. Bc4 Kf8 14. c3 dxc3
15. dxc3 b5 16. Bd3 Be6 17. Qe2 Bg4 18. Qe3 Nd5 19. Qe4 Bh5 20. Qe5 Bg6 21. Bf5
a3 22. Qe4 axb2 23. Bxb2 Ra4 24. Qd3 Bc5 25. Bxg6 hxg6 26. h3 Rh5 27. Nd2 Qh4
28. Qe2 Be7 29. Nf3 Qf4 30. Ne5 Ra6 31. c4 bxc4 32. a4 Kg8 33. g3 Qh6 34. Nxf7
Kxf7 35. Qe6+ Ke8 36. Qc8+ Kf7 37. Qxa6 Rxh3 38. Qxc4 Qh5 39. Qe4 Kf8 40. Rac1
Rh2 41. Rxc6 Kg8 42. g4 Qh4 43. Qe6+ Kh8 44. Bxg7+ Kxg7 45. Qxg6+ Kh8 46. Rc8+
Bd8 47. Re8# {Hossa checkmated} 1-0

[Event "ICS rated blitz match"]
[Site "204.178.125.65"]
[Date "2000.04.25"]
[Round "?"]
[White "Hossa"]
[Black "Weezer"]
[Result "0-1"]
[WhiteElo "2412"]
[BlackElo "2691"]
[PlyCount "244"]
[EventDate "2000.??.??"]

1. e4 c5 2. Nf3 d6 3. d4 cxd4 4. Nxd4 Nf6 5. Nc3 a6 6. Bg5 e5 7. Nf3 Be7 8. Bd3
h6 9. Bxf6 Bxf6 10. Nd5 O-O 11. O-O Nd7 12. Bc4 b5 13. Bb3 Bb7 14. Qe2 Nc5 15.
Rfd1 Rc8 16. c3 Bc6 17. Rd2 Re8 18. Rad1 Bg5 19. Nxg5 Qxg5 20. f3 Red8 21. Ne3
Nxb3 22. axb3 Qf6 23. c4 Rc7 24. Nf5 Rcd7 25. Ra1 bxc4 26. bxc4 Bb7 27. Qd1 Bc8
28. b3 h5 29. b4 g6 30. Ne3 Bb7 31. Nd5 Qe6 32. Qe1 Rb8 33. Ra3 f6 34. Qb1 Rdd8
35. Ne3 Rbc8 36. Qd3 h4 37. h3 Rd7 38. Ra1 Kh7 39. b5 axb5 40. cxb5 Rdd8 41.
Ra7 Rd7 42. Rd1 Rcc7 43. b6 Rc6 44. Nd5 Rf7 45. Nc7 Qc8 46. Qb3 Kg7 47. Qb4 Kh7
48. Rb1 Qb8 49. Rba1 Qc8 50. Rf1 Qb8 51. Ra5 Qf8 52. Rd1 Qd8 53. Kh1 Qf8 54.
Ra7 Qb8 55. Qa5 Qc8 56. Qa2 Kg7 57. Rb1 f5 58. exf5 Rxf5 59. Qa4 g5 60. Qb3 Qb8
61. Qd3 Rf7 62. Ra5 Qc8 63. Kg1 Qd7 64. Ra7 Qc8 65. Qb3 Rf5 66. Qa2 Kh7 67. Qd2
Kh6 68. Rb4 Kg6 69. Rb5 Qb8 70. Ra4 Qc8 71. Ra3 Rf6 72. Rc3 Rxc3 73. Qxc3 Qf5
74. Nd5 Bxd5 75. Rxd5 Qb1+ 76. Kh2 Qxb6 77. Qc2+ Kf7 78. Qh7+ Ke6 79. Qg8+ Rf7
80. Rd3 Kf6 81. Qh8+ Ke7 82. Qg8 Qb4 83. Qxg5+ Rf6 84. Qg7+ Ke6 85. Qg8+ Kf5
86. Qg4+ Qxg4 87. hxg4+ Kf4 88. Kh3 Rh6 89. Rd5 Re6 90. Rb5 Re8 91. Rb6 d5 92.
Rh6 d4 93. Ra6 d3 94. Ra3 Rd8 95. Ra4+ Ke3 96. Re4+ Kf2 97. Rb4 d2 98. Rb2 Ke3
99. Rb1 d1=Q 100. Rxd1 Rxd1 101. Kxh4 Kf2 102. Kg5 Kxg2 103. f4 exf4 104. Kxf4
Kh3 105. g5 Kh4 106. g6 Rg1 107. Kf5 Kh5 108. Kf6 Rxg6+ 109. Ke5 Kg5 110. Kd5
Kf4 111. Kc5 Rg5+ 112. Kd4 Re5 113. Kc3 Re4 114. Kd3 Kf3 115. Kc2 Re3 116. Kd2
Kf2 117. Kc2 Ke1 118. Kb1 Kd1 119. Kb2 Kd2 120. Ka1 Rb3 121. Ka2 Kc2 122. Ka1
Ra3# {Hossa checkmated} 0-1

[Event "ICS rated standard match"]
[Site "204.178.125.65"]
[Date "2000.04.25"]
[Round "?"]
[White "Hossa"]
[Black "Lynnett"]
[Result "1-0"]
[WhiteElo "2421"]
[BlackElo "2587"]
[PlyCount "51"]
[EventDate "2000.??.??"]

1. e4 e5 2. Nf3 d6 3. d4 exd4 4. Nxd4 Nf6 5. Nc3 Be7 6. Bc4 Nc6 7. Nxc6 bxc6 8.
O-O O-O 9. Bb3 Nd7 10. Ba4 Bb7 11. Be3 Bf6 12. Bd4 Nb6 13. Bb3 a5 14. a3 Bxd4
15. Qxd4 Qh4 16. Qd2 Ba6 17. Rfe1 Bc4 18. Ba4 Nxa4 19. Nxa4 Rfe8 20. b3 Bb5 21.
Nc3 Re5 22. Re3 a4 23. Rh3 Qf6 24. bxa4 Bxa4 25. Rb1 Raa5 26. Rb8+ {
Lynnett resigns} 1-0

[Event "ICS rated standard match"]
[Site "204.178.125.65"]
[Date "2000.04.25"]
[Round "?"]
[White "Lynnett"]
[Black "Hossa"]
[Result "1-0"]
[WhiteElo "2564"]
[BlackElo "2444"]
[PlyCount "147"]
[EventDate "2000.??.??"]

1. c4 Nf6 2. Nc3 c5 3. g3 e6 4. Nf3 d5 5. cxd5 exd5 6. d4 cxd4 7. Nxd4 Bc5 8.
Bg2 Nc6 9. Nb3 Bb4 10. O-O Bxc3 11. bxc3 O-O 12. Qc2 Bg4 13. Bg5 Re8 14. e3 Re5
15. Bf4 Rh5 16. f3 Bf5 17. Qf2 g5 18. g4 gxf4 19. gxh5 Nxh5 20. e4 dxe4 21.
fxe4 Bg4 22. Qc5 Qf6 23. h3 Be2 24. Rf2 Ng3 25. Nd4 f3 26. Bxf3 Qg6 27. Rg2
Nxd4 28. Kf2 Bxf3 29. Rxg3 Nc2 30. Rxg6+ hxg6 31. Kxf3 Nxa1 32. Qg1 Rd8 33.
Qxa1 Rd3+ 34. Kg2 Rd2+ 35. Kg1 b6 36. a4 Rd3 37. Qa3 Rd1+ 38. Kf2 Rd2+ 39. Ke3
Rh2 40. Qe7 Rxh3+ 41. Kd4 Rh6 42. Qxa7 g5 43. Qb8+ Kh7 44. Qc7 Kg7 45. Qe5+ Kf8
46. Qxg5 Rd6+ 47. Kc4 Rg6 48. Qd8+ Kg7 49. Kb5 Re6 50. Qxb6 Rxb6+ 51. Kxb6 f6
52. a5 Kf7 53. c4 Kg6 54. a6 Kg5 55. a7 f5 56. a8=Q f4 57. Qd5+ Kh4 58. Qf5 f3
59. Qf4+ Kh5 60. Qxf3+ Kg5 61. Qf5+ Kh4 62. Qg4+ Kxg4 63. c5 Kf4 64. c6 Ke5 65.
c7 Kxe4 66. Kc5 Kf4 67. Kd4 Kg4 68. Ke4 Kh5 69. Kf4 Kh6 70. Kf5 Kh7 71. Kf6 Kg8
72. c8=Q+ Kh7 73. Qb7+ Kh8 74. Qg7# {Hossa checkmated} 1-0

[Event "ICS rated blitz match"]
[Site "204.178.125.65"]
[Date "2000.04.25"]
[Round "?"]
[White "Hossa"]
[Black "ParalyseCabbage"]
[Result "1-0"]
[WhiteElo "2407"]
[BlackElo "1963"]
[PlyCount "59"]
[EventDate "2000.??.??"]

1. e4 c5 2. Nf3 d6 3. d4 cxd4 4. Nxd4 Nf6 5. Nc3 g6 6. Be3 Bg7 7. f3 O-O 8. Qd2
Nc6 9. Bc4 Ne5 10. Bb3 a6 11. O-O Qc7 12. Bh6 Nc4 13. Bxc4 Qxc4 14. Bxg7 Kxg7
15. Rad1 b5 16. g4 Bd7 17. a3 b4 18. axb4 Qxb4 19. g5 Nh5 20. Nd5 Qxd2 21. Rxd2
e6 22. Nb6 Rad8 23. Ra1 e5 24. Nxd7 Rxd7 25. Nc6 Rb7 26. c3 Nf4 27. Rxa6 Nh3+
28. Kg2 Nxg5 29. Na5 Rd8 30. Nxb7 1-0

[Event "ICS rated blitz match"]
[Site "204.178.125.65"]
[Date "2000.04.25"]
[Round "?"]
[White "Weezer"]
[Black "Hossa"]
[Result "0-1"]
[WhiteElo "2672"]
[BlackElo "2409"]
[PlyCount "154"]
[EventDate "2000.??.??"]

1. d4 d5 2. c4 e6 3. Nc3 Nf6 4. Bg5 Nbd7 5. e3 c6 6. Nf3 Qa5 7. Nd2 Bb4 8. Qc2
O-O 9. Be2 dxc4 10. Bxf6 Nxf6 11. Nxc4 Qc7 12. O-O Rd8 13. a3 Be7 14. Rfd1 Bf8
15. Ne5 Bd6 16. f4 Nd5 17. Nc4 Bf8 18. Rdc1 g6 19. Qe4 Bg7 20. b3 c5 21. Nb5
Qe7 22. Ncd6 Rxd6 23. Nxd6 Qxd6 24. Rxc5 Qxc5 25. dxc5 Bxa1 26. Bc4 Ne7 27. b4
a6 28. Kf2 Nc6 29. Qc2 Bg7 30. Qd1 Bf6 31. g4 h6 32. Qd3 h5 33. g5 Bb2 34. Ke2
Kf8 35. Kd2 Ke8 36. Kc2 Bg7 37. Qd6 Bd7 38. Qc7 Nd8 39. Qb6 Rc8 40. Qd6 Nc6 41.
Kb3 Ne7 42. h3 Bc6 43. Qd2 Rd8 44. Qf2 Rd1 45. Qc2 Re1 46. Qd2 Rb1+ 47. Ka2
Rb2+ 48. Qxb2 Bxb2 49. Kxb2 Nf5 50. e4 Bxe4 51. Kc1 Ne3 52. Be2 Ng2 53. Kd2 Bc6
54. Bf1 Nxf4 55. h4 e5 56. Ke3 Ke7 57. Kd2 Bb5 58. Ke1 Bxf1 59. Kxf1 Ke6 60.
Kf2 e4 61. Ke3 Ke5 62. Kf2 Kf5 63. a4 Nd3+ 64. Ke2 Nxb4 65. Ke3 Ke5 66. Kd2 Nd3
67. c6 bxc6 68. Ke2 Nf4+ 69. Kf2 Kd4 70. Kf1 e3 71. a5 e2+ 72. Kf2 Ke4 73. Ke1
Kd3 74. Kf2 Kd2 75. Kg3 e1=Q+ 76. Kh2 Qf2+ 77. Kh1 Qg2# {Weezer checkmated} 0-1

[Event "ICS rated blitz match"]
[Site "204.178.125.65"]
[Date "2000.04.25"]
[Round "?"]
[White "Hossa"]
[Black "Weezer"]
[Result "1/2-1/2"]
[WhiteElo "2435"]
[BlackElo "2646"]
[PlyCount "257"]
[EventDate "2000.??.??"]

1. e4 c5 2. Nf3 d6 3. d4 cxd4 4. Nxd4 Nf6 5. Nc3 a6 6. Bg5 e5 7. Nf3 Be7 8. Bd3
h6 9. Bxf6 Bxf6 10. Nd5 O-O 11. O-O Be6 12. Bc4 Nc6 13. Qd3 Rc8 14. c3 Bg5 15.
Nxg5 Qxg5 16. Nb6 Rcd8 17. Bd5 Rfe8 18. Rfd1 Bxd5 19. Nxd5 Ne7 20. Qe2 Nxd5 21.
Rxd5 Re6 22. Rad1 Rg6 23. f3 b5 24. Qf2 Rd7 25. b3 Rc7 26. R5d3 Rc6 27. g3 Qf6
28. Qd2 h5 29. a3 h4 30. g4 Qe6 31. Rd5 h3 32. Qd3 Qd7 33. Qe3 f5 34. exf5 Qxf5
35. Qd3 Qf7 36. Rf1 Rxc3 37. Qxc3 Qxd5 38. Kf2 Qf7 39. Ke2 d5 40. Qc8+ Kh7 41.
Rg1 Qe6 42. Qc2 Kg8 43. Rg3 Rh6 44. g5 Rg6 45. Qc7 d4 46. Kd2 Qf5 47. Qd8+ Kh7
48. Rg4 Re6 49. Qc8 Kg6 50. Re4 Kxg5 51. Rg4+ Kh5 52. Qh8+ Rh6 53. Qe8+ g6 54.
Re4 Qf6 55. Rxe5+ Kh4 56. Re4+ Kh5 57. Re5+ Kh4 58. Re4+ Kh5 59. Qd7 Qg5+ 60.
f4 Qg2+ 61. Re2 Qf3 62. Re5+ g5 63. Rxg5+ Kh4 64. Qxd4 Rh5 65. Rg3 Rd5 66. Rxf3
Rxd4+ 67. Ke2 Re4+ 68. Kd3 Re8 69. f5 Kg4 70. Rf2 Kg5 71. a4 Rd8+ 72. Ke4 Re8+
73. Kd4 Rd8+ 74. Ke5 bxa4 75. bxa4 Re8+ 76. Kd6 Kf6 77. Kd5 Re3 78. Kc5 Rb3 79.
Kc4 Re3 80. Kb4 Rd3 81. Ka5 Ra3 82. Rc2 Kxf5 83. Re2 Kf4 84. Rf2+ Ke3 85. Rc2
Kf3 86. Rb2 Ke4 87. Rb4+ Kf5 88. Rh4 Kg5 89. Rh8 Kg4 90. Rg8+ Kf4 91. Rh8 Kf5
92. Kb4 Rd3 93. Rh6 Kg5 94. Rh8 Kg4 95. Rg8+ Kf4 96. Rh8 Kg4 97. Rg8+ Kf4 98.
Rh8 Kf5 99. Rh6 Rd4+ 100. Ka5 Kg4 101. Rg6+ Kh5 102. Rg3 Kh4 103. Rg8 Rd2 104.
Kxa6 Rxh2 105. a5 Re2 106. Rh8+ Kg4 107. Rxh3 Re6+ 108. Kb5 Re5+ 109. Kc4 Kxh3
110. Kb4 Kg2 111. a6 Re7 112. Ka5 Kf3 113. Kb6 Re3 114. a7 Re6+ 115. Kb7 Re8
116. Kb6 Ke3 117. Kb7 Re7+ 118. Kb8 Re8+ 119. Kb7 Kd4 120. Kb6 Kc4 121. Kb7
Re7+ 122. Kb8 Re8+ 123. Kb7 Rd8 124. Kb6 Kb4 125. Kb7 Rd7+ 126. Kb8 Rd8+ 127.
Kb7 Rd7+ 128. Kb8 Rd8+ 129. Kb7 1/2-1/2

[Event "ICS rated blitz match"]
[Site "204.178.125.65"]
[Date "2000.04.25"]
[Round "?"]
[White "Weezer"]
[Black "Hossa"]
[Result "1-0"]
[WhiteElo "2637"]
[BlackElo "2444"]
[PlyCount "127"]
[EventDate "2000.??.??"]

1. d4 d5 2. c4 e6 3. Nc3 Nf6 4. Bg5 Be7 5. e3 O-O 6. Nf3 Nbd7 7. Rc1 c6 8. Bd3
dxc4 9. Bxc4 Nd5 10. Bxe7 Qxe7 11. O-O Nxc3 12. Rxc3 e5 13. Qc2 exd4 14. exd4
Nb6 15. Re1 Qd8 16. Bb3 Nd5 17. Bxd5 Qxd5 18. Re5 Qd6 19. Rce3 h6 20. Re7 Rb8
21. Qc5 Qxc5 22. dxc5 Be6 23. b3 Rfc8 24. Ne5 Rd8 25. f4 Rd1+ 26. Kf2 Rd2+ 27.
Re2 Rd4 28. Ke3 Rd5 29. Rd2 a5 30. Rxd5 cxd5 31. Kd4 a4 32. g4 g6 33. h3 axb3
34. axb3 h5 35. gxh5 gxh5 36. Nd7 Rd8 37. Nf6+ Kg7 38. Nxh5+ Kg6 39. Ng3 Bd7
40. h4 Bc6 41. h5+ Kf6 42. Re5 Rh8 43. Nf1 Re8 44. Rxe8 Bxe8 45. Kxd5 Bc6+ 46.
Kd6 Be4 47. Ng3 Bf3 48. b4 Bc6 49. Kc7 Ke6 50. h6 Kf6 51. f5 Bf3 52. b5 Bg4 53.
Kxb7 Bd1 54. c6 Bf3 55. Kb6 Bd1 56. c7 Kg5 57. c8=Q Kxh6 58. Qc1+ Kg7 59. Qa1+
Kf8 60. Qh8+ Ke7 61. Kc7 f6 62. Ne4 Bg4 63. Qxf6+ Ke8 64. Nd6# {
Hossa checkmated} 1-0

[Event "ICS rated blitz match"]
[Site "204.178.125.65"]
[Date "2000.04.25"]
[Round "?"]
[White "WhiteCastles"]
[Black "Hossa"]
[Result "1-0"]
[WhiteElo "2866"]
[BlackElo "2436"]
[PlyCount "123"]
[EventDate "2000.??.??"]

1. e4 e5 2. Nf3 Nc6 3. Bb5 a6 4. Ba4 Nf6 5. O-O Nxe4 6. d4 b5 7. Bb3 d5 8. dxe5
Be6 9. Nbd2 Nc5 10. c3 d4 11. Bxe6 Nxe6 12. cxd4 Ncxd4 13. a4 Be7 14. Nxd4 Nxd4
15. Nb3 Ne6 16. Qc2 O-O 17. axb5 axb5 18. Rd1 Qc8 19. Rxa8 Qxa8 20. Nd4 Nxd4
21. Rxd4 Qa5 22. Rd1 c5 23. Qe2 Qa4 24. Rd7 Rd8 25. e6 Rxd7 26. exd7 b4 27. Qd3
Bd8 28. b3 Qa7 29. Qd6 h6 30. h3 c4 31. bxc4 Qa1 32. Qd2 b3 33. c5 h5 34. g3
Qa4 35. Bb2 Qc6 36. Qc3 Kf8 37. Qe5 Qe6 38. Qxe6 fxe6 39. c6 Ke7 40. Ba3+ Kf6
41. f4 Kf5 42. Bb2 g5 43. Be5 gxf4 44. gxf4 Ke4 45. Kf2 b2 46. Bxb2 Kxf4 47.
Bf6 Bxf6 48. c7 Bh4+ 49. Ke2 Kg3 50. d8=Q Bxd8 51. cxd8=Q Kf4 52. Qf6+ Ke4 53.
Qxe6+ Kd4 54. h4 Kc5 55. Ke3 Kb4 56. Kd3 Kc5 57. Kc3 Kb5 58. Qd6 Ka5 59. Qb4+
Ka6 60. Qb8 Ka5 61. Qb7 Ka4 62. Qb4# {Hossa checkmated} 1-0

[Event "ICS rated blitz match"]
[Site "204.178.125.65"]
[Date "2000.04.25"]
[Round "?"]
[White "Hossa"]
[Black "Weezer"]
[Result "0-1"]
[WhiteElo "2434"]
[BlackElo "2675"]
[PlyCount "110"]
[EventDate "2000.??.??"]

1. e4 c5 2. Nf3 d6 3. d4 cxd4 4. Nxd4 Nf6 5. Nc3 a6 6. Bg5 e5 7. Nf3 Be7 8. Bd3
h6 9. Bxf6 Bxf6 10. Nd5 O-O 11. c3 Be6 12. Nxf6+ Qxf6 13. O-O Nd7 14. Re1 Rac8
15. Qd2 Nc5 16. b3 Bxb3 17. axb3 Nxb3 18. Qb2 Nxa1 19. Rxa1 Rc7 20. Rd1 b5 21.
Qa2 Rc6 22. Be2 Rfc8 23. Rd5 Qf4 24. Nd2 Qg5 25. c4 b4 26. Qb3 Rb8 27. Qd3 Re8
28. Bd1 Re6 29. Nb3 Rf6 30. Bf3 Qf4 31. Qe2 Kh8 32. Qd1 Rxc4 33. Rxd6 Rxd6 34.
Qxd6 Rc3 35. Nd2 b3 36. Nf1 Kh7 37. Qa3 Qc1 38. Qxc1 Rxc1 39. Be2 Rc3 40. Bxa6
b2 41. Nd2 Rc1+ 42. Nf1 b1=Q 43. h3 Qxe4 44. Bb5 Qd5 45. Be2 Re1 46. Ba6 Qc6
47. Bd3+ e4 48. Be2 Rxe2 49. Ng3 Qc1+ 50. Kh2 Rxf2 51. h4 Rf4 52. Nf5 Rxf5 53.
Kh3 Rf4 54. h5 Qh1+ 55. Kg3 Qh4# {Hossa checkmated} 0-1

[Event "ICS rated standard match"]
[Site "204.178.125.65"]
[Date "2000.04.25"]
[Round "?"]
[White "Hossa"]
[Black "counterplay"]
[Result "0-1"]
[WhiteElo "2433"]
[BlackElo "2456"]
[PlyCount "108"]
[EventDate "2000.??.??"]

1. e4 c5 2. Nf3 Nc6 3. d4 cxd4 4. Nxd4 Nf6 5. Nc3 e6 6. Ndb5 d6 7. Bf4 e5 8.
Bg5 a6 9. Bxf6 gxf6 10. Na3 b5 11. Nd5 Bg7 12. Bd3 Ne7 13. Nxe7 Qxe7 14. c4 f5
15. cxb5 d5 16. bxa6 O-O 17. exd5 e4 18. d6 Qg5 19. Bf1 Bxb2 20. Nb5 Bxa1 21.
Qxa1 Rxa6 22. h4 Qg7 23. Qxg7+ Kxg7 24. h5 Rxa2 25. Be2 Rd8 26. h6+ Kg6 27.
Bh5+ Kg5 28. Bd1 Rb2 29. Rh5+ Kg6 30. Nc3 Rxd6 31. Rh3 Be6 32. Bh5+ Kg5 33. Be2
Rc2 34. Bd1 Rc1 35. f4+ exf3 36. Rg3+ Kxh6 37. Rh3+ Kg7 38. Rxf3 Bb3 39. Rxf5
Bxd1 40. Rg5+ Kh6 41. Rc5 Bh5+ 42. Kf2 Rc2+ 43. Ke3 Bg6 44. Kf4 Rd4+ 45. Kg3
Rd3+ 46. Kh2 Rdxc3 47. Re5 f5 48. Re1 f4 49. Kh1 Rc1 50. Rxc1 Rxc1+ 51. Kh2 Kg5
52. g3 Be4 53. gxf4+ Kxf4 54. Kh3 Rh1# {Hossa checkmated} 0-1